<?xml version="1.0" encoding="UTF-8"?>
<marc:record xmlns:marc="http://www.loc.gov/MARC21/slim">
   <marc:leader>00000nam a2200000 a 4500</marc:leader>
   <marc:datafield ind1="1" ind2=" " tag="100">
      <marc:subfield code="a">Knapp, Gudrun-Axeli</marc:subfield>
      <marc:subfield code="4">aut</marc:subfield>
      <marc:subfield code="e">Verfasser/-in</marc:subfield>
   </marc:datafield>
   <marc:datafield ind1=" " ind2=" " tag="653">
      <marc:subfield code="a">Frauenforschung</marc:subfield>
   </marc:datafield>
   <marc:datafield ind1=" " ind2=" " tag="653">
      <marc:subfield code="a">Geschlechterforschung</marc:subfield>
   </marc:datafield>
   <marc:datafield ind1=" " ind2=" " tag="653">
      <marc:subfield code="a">Feminismus</marc:subfield>
   </marc:datafield>
   <marc:datafield ind1=" " ind2=" " tag="653">
      <marc:subfield code="a">Softcover / Soziologie/Frauenforschung</marc:subfield>
   </marc:datafield>
   <marc:datafield ind1=" " ind2=" " tag="653">
      <marc:subfield code="a">Aufsatzsammlung</marc:subfield>
   </marc:datafield>
   <marc:datafield ind1="0" ind2="0" tag="245">
      <marc:subfield code="a">Arbeiten am Unterschied</marc:subfield>
   </marc:datafield>
   <marc:datafield ind1="0" ind2="0" tag="245">
      <marc:subfield code="b">Eingriffe feministischer Theorie</marc:subfield>
   </marc:datafield>
   <marc:datafield ind1="0" ind2="0" tag="245">
      <marc:subfield code="c">Gudrun-Axeli Knapp</marc:subfield>
   </marc:datafield>
   <marc:datafield ind1=" " ind2="1" tag="264">
      <marc:subfield code="a">Innsbruck</marc:subfield>
      <marc:subfield code="b">StudienVerl.</marc:subfield>
      <marc:subfield code="c">2014</marc:subfield>
   </marc:datafield>
   <marc:datafield ind1="1" ind2=" " tag="490">
      <marc:subfield code="a">Transblick</marc:subfield>
      <marc:subfield code="v">9</marc:subfield>
   </marc:datafield>
   <marc:datafield ind1="1" ind2=" " tag="520">
      <marc:subfield code="a">Angaben aus der Verlagsmeldung

Arbeiten am Unterschied : Eingriffe feministischer Theorie / von Gudrun-Axeli Knapp

Der Band versammelt Aufsätze und Vorträge, die sich in einem weiten Sinn mit Theorie und Praxis feministischer Kritik befassen. Leitmotiv der Texte ist das Arbeiten am Unterschied: dies bezieht sich sowohl auf die Frage nach der gesellschaftlichen Verfasstheit von Geschlechterdifferenz und –verhältnissen als auch auf die Frage nach deren Vermittlung und Brechung durch andere Verhältnisse von Differenz und Ungleichheit. Ein roter Faden, der mit unterschiedlichen Akzenten die Beiträge durchzieht, ist die Auseinandersetzung mit dem Kritik- und Veränderungspotenzial feministischen Denkens und Handelns im Spannungsfeld der Perspektiven von Gleichheit, Differenz und Dekonstruktion. Anhand von Problemstellungen aus verschiedenen Phasen der Frauen- und Geschlechterforschung und Eingriffen in spezifische Ausarbeitungen feministischer Kritik wird verdeutlicht, wie voraussetzungsvoll der Anspruch ist, Gesellschafts- und Erkenntniskritik theoretisch und praktisch zu verbinden. In Abgrenzung von sozialtechnologisch verkürzten Konzepten der Verbindung von Theorie und Praxis, die Theorien als Handlungsanleitungen missverstehen, und jenseits von sozial- und kulturrevolutionären Illusionen darüber, dass Radikalität des Denkens und radikales Handeln in der Praxis etwas Gleichsinniges seien, geht es darum, theoretische Deutungen und die Erfahrungen der Praxis in ein reflektiertes Verhältnis zu bringen.
</marc:subfield>
   </marc:datafield>
   <marc:datafield ind1=" " ind2=" " tag="020">
      <marc:subfield code="a">9783706553315</marc:subfield>
      <marc:subfield code="9">9783706553315</marc:subfield>
   </marc:datafield>
   <marc:datafield ind1=" " ind2=" " tag="020">
      <marc:subfield code="a">3706553317</marc:subfield>
      <marc:subfield code="9">3706553317</marc:subfield>
   </marc:datafield>
   <marc:datafield ind1=" " ind2=" " tag="041">
      <marc:subfield code="a">ger</marc:subfield>
   </marc:datafield>
   <marc:datafield ind1=" " ind2=" " tag="300">
      <marc:subfield code="a">205 S.</marc:subfield>
   </marc:datafield>
</marc:record>
